[Event "Reykjavik op"]
[Site "Reykjavik"]
[Date "2023.04.01"]
[Round "6"]
[White "Adams, George"]
[Black "Kakulidis, Ellen"]
[Result "1/2-1/2"]
[WhiteElo "1604"]
[BlackElo "2046"]
[PlyCount "79"]
[EventDate "2023.03.29"]
[EventType "swiss"]
[EventRounds "9"]
[EventCountry "ISL"]
[SourceTitle "CBM 213 Extra"]
[Source "ChessBase"]
[SourceDate "2023.05.31"]
[SourceVersion "1"]
[SourceVersionDate "2023.05.31"]
[SourceQuality "1"]

1. d4 d5 2. Bf4 e6 3. Nf3 Nf6 4. e3 Bd6 5. Bg3 b6 6. Bd3 Bb7 7. Nbd2 0-0 8. 0-0 c5 9. c3 Ne4 10. Ne5 Nxg3 11. hxg3 Bxe5 12. dxe5 d4 13. Qh5 h6 14. exd4 cxd4 15. c4 Nd7 16. Nf3 Bxf3 17. gxf3 Qg5 18. Qxg5 hxg5 19. Rfe1 Rfe8 20. Rad1 Rad8 21. Rd2 f6 22. exf6 gxf6 23. Bg6 Ne5 24. Rxe5 fxe5 25. Bxe8 Rxe8 26. Re2 d3 27. Rd2 Rd8 28. Kf1 Kf7 29. Ke1 Kf6 30. Rd1 e4 31. Kd2 exf3 32. Ke3 g4 33. Rxd3 Rc8 34. b3 Kf5 35. Rd7 a5 36. Rd6 Rc5 37. Rd2 Re5+ 38. Kd4 Re4+ 39. Kc3 Re1 40. a3 1/2-1/2

[Event "Olympiad Women-44"]
[Site "Chennai"]
[Date "2022.08.07"]
[Round "9.2"]
[White "Kakulidis, Ellen"]
[Black "Abrorova, Sabrina"]
[Result "1/2-1/2"]
[WhiteElo "2057"]
[BlackElo "1799"]
[PlyCount "123"]
[EventDate "2022.07.29"]
[EventType "team-swiss"]
[EventRounds "11"]
[EventCountry "IND"]
[SourceTitle "CBM 210"]
[Source "ChessBase"]
[SourceDate "2022.10.31"]
[SourceVersion "1"]
[SourceVersionDate "2022.10.31"]
[SourceQuality "1"]
[WhiteTeam "Denmark (W)"]
[BlackTeam "Tajikistan (W)"]
[WhiteTeamCountry "DEN"]
[BlackTeamCountry "TJK"]

1. d4 Nf6 2. Nf3 g6 3. g3 Bg7 4. Bg2 0-0 5. 0-0 d6 6. Re1 Nbd7 7. e4 e5 8. Nc3 exd4 9. Nxd4 Re8 10. h3 Nc5 11. a4 c6 12. g4 a5 13. Bf4 Qb6 14. Be3 Nfd7 15. Nb3 Qc7 16. Nxc5 Nxc5 17. Bd4 Be5 18. Qd2 Ne6 19. Be3 Bg7 20. Rad1 Bf8 21. f4 Nc5 22. Qf2 Qb6 23. b3 Qb4 24. Bd4 Ne6 25. Bf6 Qc5 26. Re3 Bg7 27. Bxg7 Kxg7 28. Ne2 b5 29. f5 Nc7 30. Rc3 Qxf2+ 31. Kxf2 bxa4 32. bxa4 Na6 33. Rxd6 Nb4 34. Rc5 Bb7 35. c3 Na6 36. Rxa5 Red8 37. Rxd8 Rxd8 38. e5 gxf5 39. gxf5 Kh6 40. Bxc6 Bc8 41. Be4 Nc7 42. Nd4 Kg5 43. Nf3+ Kf4 44. Bc2 Bxf5 45. Bxf5 Kxf5 46. Ra7 Rc8 47. Rb7 Nd5 48. Rxf7+ Ke6 49. Rxh7 Rxc3 50. Rh6+ Kf5 51. Rh5+ Kf4 52. Rh4+ Kf5 53. Rd4 Nf4 54. h4 Rc2+ 55. Rd2 Rc4 56. a5 Ra4 57. Nd4+ Kxe5 58. Nc6+ Ke4 59. a6 Rxa6 60. Rd4+ Kf5 61. Rc4 Ra2+ 62. Ke1 1/2-1/2

[Event "Olympiad Women-44"]
[Site "Chennai"]
[Date "2022.08.05"]
[Round "7.3"]
[White "Kalaiyalahan, Akshaya"]
[Black "Kakulidis, Ellen"]
[Result "1-0"]
[WhiteElo "2158"]
[BlackElo "2057"]
[PlyCount "85"]
[EventDate "2022.07.29"]
[EventType "team-swiss"]
[EventRounds "11"]
[EventCountry "IND"]
[SourceTitle "CBM 210"]
[Source "ChessBase"]
[SourceDate "2022.10.31"]
[SourceVersion "1"]
[SourceVersionDate "2022.10.31"]
[SourceQuality "1"]
[WhiteTeam "England (W)"]
[BlackTeam "Denmark (W)"]
[WhiteTeamCountry "ENG"]
[BlackTeamCountry "DEN"]

1. Nf3 d5 2. e3 c5 3. d4 e6 4. Be2 Nf6 5. 0-0 Nc6 6. b3 cxd4 7. exd4 Bd6 8. Bg5 0-0 9. c3 h6 10. Bh4 Be7 11. Nbd2 b6 12. Bd3 Bb7 13. Qe2 Rc8 14. Rac1 Nd7 15. Bg3 Ba3 16. Rcd1 a5 17. Nb1 Be7 18. a4 Re8 19. Bf4 Bf6 20. Ne5 Ncxe5 21. dxe5 Bg5 22. Bxg5 Qxg5 23. f4 Qe7 24. Rfe1 Nc5 25. Bc2 Red8 26. Rd4 Ba6 27. Qe3 b5 28. axb5 Bxb5 29. Nd2 Qc7 30. Rc1 Bc6 31. Nf3 Qb6 32. Rdd1 Rb8 33. Nd4 Bb7 34. Rb1 Nd7 35. Qd3 g6 36. Qg3 Kg7 37. Kh1 Rbc8 38. f5 Nf8 39. Rf1 Qc7 40. fxe6 Nxe6 41. Nxe6+ fxe6 42. Qxg6+ Kh8 43. Rf7 1-0

[Event "Helsingor Kronborg Master-2"]
[Site "Helsingor"]
[Date "2022.05.26"]
[Round "2"]
[White "Kakulidis, Ellen"]
[Black "Jorgensen, Dennis"]
[Result "1-0"]
[WhiteElo "2083"]
[BlackElo "2129"]
[PlyCount "106"]
[EventDate "2022.05.26"]
[EventType "tourn"]
[EventRounds "7"]
[EventCountry "DEN"]
[SourceTitle "CBM 208 Extra"]
[Source "ChessBase"]
[SourceDate "2022.07.31"]
[SourceVersion "1"]
[SourceVersionDate "2022.07.31"]
[SourceQuality "1"]

1. d4 d5 2. c4 c6 3. cxd5 cxd5 4. Bf4 Nf6 5. e3 Nc6 6. Bb5 Bd7 7. Nc3 e6 8. Nf3 Bb4 9. 0-0 0-0 10. a3 Bxc3 11. bxc3 Qa5 12. c4 dxc4 13. Bxc4 Rfc8 14. Bd3 h6 15. Qe2 Nd5 16. Bd6 Qd8 17. e4 Nc3 18. Qd2 Na5 19. Bb4 Nb3 20. Qb2 Nxa1 21. Bxc3 Qc7 22. Rc1 b5 23. Qxa1 a5 24. Bd2 Qb6 25. Rxc8+ Bxc8 26. h3 Bb7 27. Qb2 Bc6 28. Ne5 Be8 29. Be3 Qb7 30. Qe2 b4 31. axb4 axb4 32. Qb2 b3 33. Bb1 Qb4 34. Nd3 Qc4 35. Nc5 Rb8 36. Bd3 Qb4 37. Bd2 Qb6 38. Bc3 e5 39. Na6 Ra8 40. dxe5 Ba4 41. Nb4 Qc5 42. e6 Rc8 43. exf7+ Kxf7 44. Nd5 Rc6 45. Qd2 Kg8 46. Qf4 Qd6 47. Qxd6 Rxd6 48. Kf1 Kf7 49. Ke2 g5 50. Bc4 Ke8 51. Kd3 Kd7 52. Bb2 Kc6 53. Kc3 Rd7 1-0

[Event "London She Plays To Win 1st"]
[Site "London"]
[Date "2022.04.10"]
[Round "7"]
[White "Karas, Eugenia"]
[Black "Kakulidis, Ellen"]
[Result "1/2-1/2"]
[WhiteElo "1920"]
[BlackElo "2107"]
[PlyCount "76"]
[EventDate "2022.04.07"]
[EventType "tourn"]
[EventRounds "9"]
[EventCountry "ENG"]
[SourceTitle "CBM 207 Extra"]
[Source "ChessBase"]
[SourceDate "2022.05.31"]
[SourceVersion "1"]
[SourceVersionDate "2022.05.31"]
[SourceQuality "1"]

1. d4 d5 2. c4 e6 3. Nf3 Nf6 4. g3 Bb4+ 5. Bd2 Bd6 6. Bg2 c6 7. Qc2 Nbd7 8. b3 Ne4 9. Nc3 Nxd2 10. Nxd2 0-0 11. e4 Bb4 12. 0-0 c5 13. a3 cxd4 14. axb4 dxc3 15. Qxc3 dxc4 16. bxc4 e5 17. c5 Qe7 18. Nc4 f6 19. Ra2 a6 20. Rd1 Nb8 21. Nb6 Ra7 22. Bf1 Be6 23. Nd5 Qf7 24. b5 Nd7 25. bxa6 bxa6 26. c6 Nb6 27. Qc5 Nc8 28. Rxa6 Rxa6 29. Bxa6 Qh5 30. Rd2 Qg5 31. Bxc8 Bxc8 32. Ne7+ Kf7 33. Qd6 Qg4 34. Qc7 Be6 35. Nf5+ Kg8 36. Ne7+ Kf7 37. Nf5+ Kg8 38. Ne7+ Kf7 1/2-1/2

[Event "Copenhagen Obro 85th Anniv"]
[Site "Copenhagen"]
[Date "2021.10.18"]
[Round "2"]
[White "Nielsen, Viktor Haarmark"]
[Black "Kakulidis, Ellen"]
[Result "1-0"]
[WhiteElo "2296"]
[BlackElo "2054"]
[PlyCount "28"]
[EventDate "2021.10.18"]
[EventType "swiss"]
[EventRounds "9"]
[EventCountry "DEN"]
[SourceTitle "CBM 204 Extra"]
[Source "ChessBase"]
[SourceDate "2021.11.30"]
[SourceVersion "1"]
[SourceVersionDate "2021.11.30"]
[SourceQuality "1"]

1. e4 e5 2. Nf3 Nc6 3. Bb5 Nf6 4. d3 d6 5. c3 Bd7 6. 0-0 Be7 7. Re1 0-0 8. Ba4 Re8 9. Nbd2 Bf8 10. Nf1 Ne7 11. Bb3 Ng6 12. Ng3 h6 13. d4 c6 14. h3 Qc7 1-0

[Event "Titled Tuesday intern op 21st Sept"]
[Site "Chess.com INT"]
[Date "2021.09.21"]
[Round "6"]
[White "Kakulidis, Ellen"]
[Black "Bruned, Boris"]
[Result "1-0"]
[WhiteElo "2054"]
[BlackElo "2133"]
[PlyCount "59"]
[EventDate "2021.09.21"]
[EventType "swiss (blitz)"]
[EventRounds "9"]
[EventCountry "USA"]
[SourceTitle "EXT 2022"]
[Source "ChessBase"]
[SourceDate "2021.10.06"]
[SourceVersion "1"]
[SourceVersionDate "2021.10.06"]
[SourceQuality "1"]

1. d4 b6 2. e4 Bb7 3. Nc3 e6 4. Nge2 d5 5. e5 c5 6. Be3 Ba6 7. Qd2 Nc6 8. f4 Nh6 9. 0-0-0 Nf5 10. g4 Nxe3 11. Qxe3 Be7 12. f5 Bg5 13. Nf4 Bxf1 14. Rhxf1 cxd4 15. Rxd4 Nxd4 16. Qxd4 0-0 17. Kb1 Bxf4 18. Qxf4 Qh4 19. f6 g6 20. Ne2 Rac8 21. Nd4 Rc4 22. c3 a6 23. Qd2 b5 24. Nf3 Qh3 25. Rg1 Kh8 26. a3 Rxg4 27. Rxg4 Qxg4 28. Qh6 Qe4+ 29. Ka1 Rg8 30. Ng5 1-0

[Event "Titled Tuesday intern op 21st Sept"]
[Site "Chess.com INT"]
[Date "2021.09.21"]
[Round "1"]
[White "Kakulidis, Ellen"]
[Black "Derraugh, Geordie"]
[Result "0-1"]
[WhiteElo "2054"]
[BlackElo "2209"]
[PlyCount "72"]
[EventDate "2021.09.21"]
[EventType "swiss (blitz)"]
[EventRounds "9"]
[EventCountry "USA"]
[SourceTitle "EXT 2022"]
[Source "ChessBase"]
[SourceDate "2021.10.06"]
[SourceVersion "1"]
[SourceVersionDate "2021.10.06"]
[SourceQuality "1"]

1. Nf3 Nf6 2. d3 b6 3. c4 Bb7 4. Nc3 g6 5. e4 d6 6. g3 Bg7 7. Bg2 0-0 8. 0-0 Nbd7 9. Be3 c5 10. Re1 Re8 11. Nd5 e6 12. Nxf6+ Nxf6 13. e5 dxe5 14. Nxe5 Bxg2 15. Kxg2 Nh5 16. d4 Qc7 17. Nf3 Rad8 18. Qa4 cxd4 19. Bg5 Bf6 20. Bxf6 Nxf6 21. Rad1 e5 22. Qb5 Nd7 23. Nd2 Qb7+ 24. Kg1 a6 25. Qb3 Nc5 26. Qc2 f5 27. b4 Nd7 28. Qd3 Nf6 29. Nb3 Kg7 30. c5 Ne4 31. Qc4 Rc8 32. f3 Nc3 33. Rd3 b5 34. c6 Rxc6 35. Nc5 bxc4 36. Nxb7 cxd3 0-1

[Event "Koge Weekend-A 2nd"]
[Site "Koge"]
[Date "2021.05.16"]
[Round "4"]
[White "Hald Falkesgaard, Jeppe"]
[Black "Kakulidis, Ellen"]
[Result "1/2-1/2"]
[WhiteElo "1986"]
[BlackElo "2103"]
[PlyCount "109"]
[EventDate "2021.05.14"]
[EventType "swiss"]
[EventRounds "5"]
[EventCountry "DEN"]
[SourceTitle "EXT 2023"]
[Source "ChessBase"]
[SourceDate "2022.10.05"]
[SourceVersion "1"]
[SourceVersionDate "2022.10.05"]
[SourceQuality "1"]

1. c4 e6 2. Nc3 d5 3. d4 Be7 4. Nf3 Nf6 5. Bg5 Nbd7 6. e3 h6 7. Bh4 0-0 8. cxd5 Nxd5 9. Bxe7 Nxe7 10. Bd3 b6 11. 0-0 Bb7 12. Be4 Qc8 13. Rc1 Nf6 14. Bxb7 Qxb7 15. Ne5 Rac8 16. Qf3 Qxf3 17. gxf3 c5 18. Rfd1 cxd4 19. Rxd4 Ned5 20. e4 Nxc3 21. Rxc3 Rxc3 22. bxc3 Rc8 23. Rc4 Rxc4 24. Nxc4 Nd7 25. Kf1 Kf8 26. Nd6 a6 27. Ke2 g5 28. Ke3 Ne5 29. h3 b5 30. f4 gxf4+ 31. Kxf4 f6 32. Nb7 Ke7 33. Nc5 a5 34. Nb3 Nc4 35. Kg4 e5 36. Kh5 a4 37. Nc5 f5 38. exf5 Kf6 39. Kg4 h5+ 40. Kxh5 Kxf5 41. h4 e4 42. Kh6 Ne5 43. h5 Nd3 44. Nxe4 Kxe4 45. Kg7 Nc5 46. h6 Ne6+ 47. Kf6 Nf8 48. Kf7 Nh7 49. Kg7 Ng5 50. Kg6 Kf4 51. Kg7 Kf3 52. Kg6 Kf4 53. Kg7 Kf3 54. Kg6 Kf4 55. Kg7 1/2-1/2

[Event "Titled Tuesday intern op 20th Apr"]
[Site "Chess.com INT"]
[Date "2021.04.20"]
[Round "5"]
[White "Gabriel, Robert A"]
[Black "Kakulidis, Ellen"]
[Result "1/2-1/2"]
[WhiteElo "2236"]
[BlackElo "2103"]
[PlyCount "59"]
[EventDate "2021.04.20"]
[EventType "swiss (blitz)"]
[EventRounds "11"]
[EventCountry "USA"]
[SourceTitle "CBM 202 Extra"]
[Source "ChessBase"]
[SourceDate "2021.07.31"]
[SourceVersion "1"]
[SourceVersionDate "2021.07.31"]
[SourceQuality "1"]

1. d4 Nf6 2. Nf3 e6 3. e3 d6 4. c4 b6 5. Nc3 Bb7 6. Be2 Nbd7 7. 0-0 g6 8. b3 Bg7 9. Bb2 0-0 10. a4 Ne4 11. Nxe4 Bxe4 12. a5 f5 13. axb6 axb6 14. Rxa8 Qxa8 15. Qa1 Nf6 16. Qxa8 Rxa8 17. Ra1 Rxa1+ 18. Bxa1 Bc2 19. Nd2 Ne4 20. Nxe4 fxe4 21. b4 c5 22. dxc5 dxc5 23. Bxg7 Kxg7 24. bxc5 bxc5 25. f3 Kf6 26. Kf2 Ke5 27. f4+ Kd6 28. Ke1 Kc6 29. Kd2 Ba4 30. Kc3 1/2-1/2

[Event "Titled Tuesday intern op 20th Apr"]
[Site "Chess.com INT"]
[Date "2021.04.20"]
[Round "1"]
[White "Kakulidis, Ellen"]
[Black "Seletsky, Grigory"]
[Result "0-1"]
[WhiteElo "2103"]
[BlackElo "2272"]
[PlyCount "50"]
[EventDate "2021.04.20"]
[EventType "swiss (blitz)"]
[EventRounds "11"]
[EventCountry "USA"]
[SourceTitle "CBM 202 Extra"]
[Source "ChessBase"]
[SourceDate "2021.07.31"]
[SourceVersion "1"]
[SourceVersionDate "2021.07.31"]
[SourceQuality "1"]

1. d4 d5 2. c4 dxc4 3. e3 e6 4. Bxc4 Nf6 5. Nf3 c5 6. Nc3 a6 7. 0-0 b5 8. Bd3 Bb7 9. Qc2 Nc6 10. dxc5 Nb4 11. Bxb5+ axb5 12. Qb3 Bxc5 13. Rd1 Qb6 14. a3 Nc6 15. Nxb5 0-0 16. a4 Nb4 17. Bd2 Bd5 18. Qc3 Ne4 19. Qe5 f6 20. Qf4 Nd3 21. Qh4 Ndxf2 22. b4 Bxe3 23. Bxe3 Qxe3 24. Kf1 Nxd1 25. Rxd1 Bc4+ 0-1

[Event "Titled Tuesday intern op 20th Apr"]
[Site "Chess.com INT"]
[Date "2021.04.20"]
[Round "9"]
[White "Starosta, Martyna"]
[Black "Kakulidis, Ellen"]
[Result "1-0"]
[WhiteElo "1910"]
[BlackElo "2103"]
[PlyCount "71"]
[EventDate "2021.04.20"]
[EventType "swiss (blitz)"]
[EventRounds "11"]
[EventCountry "USA"]
[SourceTitle "CBM 202 Extra"]
[Source "ChessBase"]
[SourceDate "2021.07.31"]
[SourceVersion "1"]
[SourceVersionDate "2021.07.31"]
[SourceQuality "1"]

1. e4 c5 2. Nf3 e6 3. d4 cxd4 4. Nxd4 Nc6 5. Nc3 Qc7 6. g3 a6 7. Bg2 Nf6 8. 0-0 Nxd4 9. Qxd4 Bc5 10. Bf4 Bxd4 11. Bxc7 0-0 12. Bd6 Re8 13. h3 Ra7 14. Ne2 Bxb2 15. Rab1 Nxe4 16. Bxe4 Bf6 17. Bc5 Ra8 18. Bxb7 Bxb7 19. Rxb7 d5 20. Rfb1 Rec8 21. Bd4 Rxc2 22. a4 h5 23. Bxf6 gxf6 24. Nf4 h4 25. gxh4 Rc4 26. Nh5 Rxa4 27. Nxf6+ Kg7 28. Ng4 Rf4 29. h5 a5 30. Kg2 a4 31. Rb8 Ra7 32. Rc8 a3 33. Rbb8 f5 34. Rg8+ Kf7 35. Rh8 Raa4 36. Rh7# 1-0

[Event "Titled Tuesday intern op 23rd Mar"]
[Site "Chess.com INT"]
[Date "2021.03.23"]
[Round "5"]
[White "Zemerov, Vladimir"]
[Black "Kakulidis, Ellen"]
[Result "1-0"]
[WhiteElo "2268"]
[BlackElo "2103"]
[PlyCount "91"]
[EventDate "2021.03.23"]
[EventType "swiss (blitz)"]
[EventRounds "11"]
[EventCountry "USA"]
[SourceTitle "CBM 201 Extra"]
[Source "ChessBase"]
[SourceDate "2021.05.31"]
[SourceVersion "1"]
[SourceVersionDate "2021.05.31"]
[SourceQuality "1"]

1. Nf3 Nf6 2. c4 e6 3. Nc3 d5 4. d4 Be7 5. cxd5 exd5 6. Bg5 c6 7. Qc2 g6 8. e3 Bf5 9. Bd3 Bxd3 10. Qxd3 Nbd7 11. 0-0 0-0 12. a3 Ne8 13. Bh6 Ng7 14. Ne5 Nxe5 15. dxe5 Re8 16. f4 Qb6 17. Bxg7 Kxg7 18. Rab1 Bc5 19. Nd1 Rad8 20. Kh1 a5 21. Rf3 Re7 22. Nf2 Rde8 23. Ng4 d4 24. Nf6 Rd8 25. e4 Qc7 26. Rh3 Rh8 27. b4 Ba7 28. Rf1 axb4 29. axb4 Qb6 30. Qd2 Qb5 31. Rg1 d3 32. Rd1 h5 33. Rxd3 Bb6 34. h3 Ra8 35. Rd7 Rxd7 36. Qxd7 Qxb4 37. e6 Rf8 38. e7 Qb3 39. exf8Q+ Kxf8 40. e5 Qg3 41. e6 fxe6 42. Nh7+ Kg8 43. Ng5 Qxf4 44. Qxe6+ Kg7 45. Qe7+ Kh6 46. Nf7+ 1-0

[Event "Titled Tuesday intern op 23rd Feb"]
[Site "Chess.com INT"]
[Date "2021.02.23"]
[Round "1"]
[White "Kakulidis, Ellen"]
[Black "Berdnyk, Mariia"]
[Result "0-1"]
[WhiteElo "2103"]
[BlackElo "2289"]
[PlyCount "74"]
[EventDate "2021.02.23"]
[EventType "swiss (blitz)"]
[EventRounds "11"]
[EventCountry "USA"]
[SourceTitle "CBM 200 Extra"]
[Source "ChessBase"]
[SourceDate "2021.03.31"]
[SourceVersion "1"]
[SourceVersionDate "2021.03.31"]
[SourceQuality "1"]

1. Nf3 c5 2. g3 g6 3. Bg2 Bg7 4. 0-0 Nc6 5. c4 e5 6. Nc3 d6 7. b3 Nge7 8. Bb2 0-0 9. e3 h6 10. h3 Be6 11. d3 f5 12. Ne2 Qd7 13. Qd2 f4 14. exf4 Bxh3 15. fxe5 Bxg2 16. Kxg2 dxe5 17. Nc3 Qf5 18. Qe2 Rad8 19. Ne4 b6 20. Rh1 Nd4 21. Nxd4 exd4 22. Rh2 Nc6 23. Rah1 Ne5 24. Rh4 g5 25. Rxh6 Bxh6 26. Rxh6 Qf3+ 27. Qxf3 Nxf3 28. Bc1 Kg7 29. Re6 Ne1+ 30. Kg1 Nxd3 31. Bxg5 Rde8 32. Bh6+ Kh8 33. Rg6 Rf7 34. Ng5 Re1+ 35. Kg2 Rxf2+ 36. Kh3 Rh1+ 37. Kg4 Ne5# 0-1